000 004680000a22001930004500
001 003479
003 MACL
005 20150802161725.0
008 150802b xxu||||| |||| 00| 0 eng d
040 _aMACL
_cMACL
041 _aEnglish
082 _a398/JOK
100 _aSwami Jokumara,
_94437
245 _aTwist In The Folktale
_cSwami Jokumara
260 _aNew Delhi
_c2004
_bSeagull Books,
350 _a200
650 _aFolklore
_94270
942 _k398
_cBK
_2ddc
999 _c15379
_d15379